000 00555nam a2200193Ia 4500
999 _c2203
_d2203
003 OSt
005 20200812143419.0
008 190216s9999||||xx |||||||||||||| ||und||
020 _a0070402477
040 _coclc
082 _a547
_bMAR/A
100 _aMarch, Jerry
_94072
245 0 _aAdvanced Organic Chemistry :
_bReactions, Mechanisms And Structure /
_cJerry March
250 _a2nd Ed.
260 _bMcgraw -hill,
_c1977.
_aNew Delhi:
300 _a1328p
650 _aChemistry
942 _cBK
_2ddc
_h547
_iMAR/A
_k547
_mMAR/A